| 000 | 00830cam a22002774a 4500 | ||
|---|---|---|---|
| 001 | 15297415 | ||
| 003 | OSt | ||
| 005 | 20150408114158.0 | ||
| 008 | 080520s2008 enka d 000 0 eng | ||
| 010 | _a 2008273635 | ||
| 020 | _a9780199204625 | ||
| 040 |
_aDLC _cDLC |
||
| 050 | 0 | 0 |
_aQH302.5 _b.D54 2008 |
| 082 | 0 | 0 |
_a570.3 _222 _bDIB |
| 245 | 0 | 2 | _aA dictionary of biology. |
| 246 | 3 | 0 | _aBiology |
| 250 | _a6th ed. | ||
| 260 |
_aOxford ; _aNew York : _bOxford University Press, _c2008. |
||
| 300 |
_a717 p. : _bill. ; _c20 cm. |
||
| 490 | 0 | _aOxford paperback reference | |
| 650 | 0 |
_aBiology _vDictionaries. _910709 |
|
| 710 | 2 |
_aOxford University Press. _96806 |
|
| 906 |
_a7 _bcbc _corigcop _d2 _encip _f20 _gy-gencatlg |
||
| 942 |
_2ddc _cBOOK |
||
| 999 |
_c32619 _d267119 |
||